000 00686nam a2200265Ia 4500
005 20260121172043.0
008 008 260114s9999 xx 000 0 eng d
020 _a9789811536274
037 _aEBOOK
040 _aCRL
040 _beng
040 _cCRL
041 _2eng
041 _aeng
084 _qCRL
100 _aManda Raz, Erwin Loh, John Devereux
_91083706
245 0 _aCareers in Law: A Guide for Students, Graduates and Professionals
260 _bSpringer
260 _bSpringer
260 _c2020
856 _uhttps://link.springer.com/openurl?genre=book&isbn=978-981-15-3627-4
942 _cEBOOK
999 _c1649440
_d1649440